01105nam a2200241Ia 4500001000600000003000900006008004100015040001300056040001300069041001300082100002400095100002900119245006000148245004700208250001100255260001200266260002900278260004900307300006000356500040100416650001500817650003100832A8508IT-RoPAU130308s9999 xx 000 0 und d aIT-RoPAU cIT-RoPAU aITALIANO aVan De Paverd Franz gCodice Aut. SPICS: 36478 aForme celebrative del matrimonio nelle chiese orientali bCelebrazione del matrimonio Cristiano (La) a1a ed. aBOLOGNA bEDB - Edizioni Dehoniane c1977 [1° Ed.:1977 - Ed.Ling.Originale:1976] a"106 p. (prefazione: no ; testo: 106 [pagine: 11-116])" aRiti Antecedenti la celebrazione del Fidanzamento. celebrazione del Fidanzamento Nei vari riti Orientali. celebrazione del Matrimonio. Incoronazione nella Chiesa Bizantina. celebrazione del matrimonio nella Chiesa Armena. Incoronazione nella Chiesa Siro Occidentale. riti Matrimoniali nella Chiesa Siro Orientale. Incoronazione nella Chiesa Copta. riti Susseguenti la celebrazione del Matrimonio. aMATRIMONIO eCodice materia Spics: 9156